Spanish Verbs # 10 - 1st pers. plur. pret. - Statistics

General Stats
  • This quiz has been taken 18 times
  • The average score is 29 of 50
Answer Stats
Infinitive Pret. nosotros/as % Correct
hablar hablamos
100%
jugar jugamos
88%
cerrar cerramos
75%
comer comimos
75%
contar contamos
75%
encontrar encontramos
75%
preferir preferimos
75%
sentir sentimos
75%
vivir vivimos
75%
agradecer agradecimos
63%
almorzar almorzamos
63%
conocer conocimos
63%
crecer crecimos
63%
dirigir dirigimos
63%
dormir dormimos
63%
elegir elegimos
63%
empezar empezamos
63%
entender entendimos
63%
morir morimos
63%
pedir pedimos
63%
pensar pensamos
63%
perder perdimos
63%
proteger protegimos
63%
recoger recogimos
63%
reír reímos
63%
repetir repetimos
63%
salir salimos
63%
seguir seguimos
63%
servir servimos
63%
valer valimos
63%
venir vinimos
63%
volver volvimos
63%
dar dimos
50%
hacer hicimos
50%
oír oímos
50%
poder pudimos
50%
poner pusimos
50%
tener tuvimos
50%
caer caímos
38%
conducir condujimos
38%
decir dijimos
38%
estar estuvimos
38%
ir fuimos
38%
ser fuimos
38%
haber hubimos
38%
querer quisimos
38%
saber supimos
38%
traducir tradujimos
38%
traer trajimos
38%
ver vimos
38%
No matching quizzes found
Score Distribution
Percent of People with Each Score
Percentile by Number Answered
Your Score History
You have not taken this quiz